000 00479nam a2200193Ia 4500
003 OSt
005 20221007083228.0
006 a|||||r|||| 00| 0
007 ta
008 221006b |||||||| |||| 00| 0 eng d
024 _a23,265
037 _cTheseses
040 _aFLL
_cFLL
_beng
041 _2eng
_aeng
100 _aUppal H.
_9533485
245 0 _aLaw of armed forces in India and the need for reform
942 _cDIS
_2CC
999 _c1169309
_d1169309